| 000 | 01046nam a22001817a 4500 | ||
|---|---|---|---|
| 003 | OSt | ||
| 005 | 20251116170206.0 | ||
| 008 | 251116b |||||||| |||| 00| 0 eng d | ||
| 040 | _cDCL | ||
| 082 | _a၂၉၄.၃၈၂၃၅၁၄ | ||
| 130 |
_aတိပိဋက။ _n သုတ္တန္တပိဋက။ _pခုဒ္ဒကနိကာယ။ _tသုတ္တနိပါတ၊ _lပါဠိတော်၊ _sနိဿယ။ |
||
| 245 | 1 | 0 |
_aသုတ္တနိပါတပါဠိတော် နိဿယ / _cအသျှင်ဇာဂရမထေရ်။ |
| 264 |
_aမန္တလေး ၊ _bမန္တလေးတောင်တော် ပိဋကတ်စာပုံနှိပ်တိုက်၊ _c၁၉၃၆။ |
||
| 300 |
_a၇၁၇ စာမျက်နှာ ၊ _c၂၅ စင်တီ။ |
||
| 650 |
_aသုတ္တန္တပိဋက _vပါဠိတော် နိဿယ။ |
||
| 700 | _aဇာဂရမထေရ်၊ အသျှင် | ||
| 942 |
_2ddc _cSHORT TERM _n0 |
||
| 999 |
_c2484 _d2484 |
||